Erdol in der Geschichte.

Bibliographic Details
Main Author: Schonwalder, Gunter
Format: Book
Language:German
Published: Mainz : Huthig und Dreyer, [1958]
Series:Erdol-Bucherei ; Bd. 8.
Subjects:

MARC

Tag First Indicator Second Indicator Subfields
LEADER 00000cam a2200000 4500
001 in00000093747
005 20150927070216.0
008 800404s1958 gw a 00000 ger d
035 |a (OCoLC)06169179 
035 |9 AAL5596AM 
040 |a TXA  |c TXA  |d UtOrBLW 
049 |a TXAM  |c [348051] 
090 |a TN870  |b .A22 Bd. 8 
100 1 |a Schonwalder, Gunter. 
245 1 0 |a Erdol in der Geschichte. 
264 1 |a Mainz :  |b Huthig und Dreyer,  |c [1958] 
264 4 |c [©1958] 
300 |a 188 pages :  |b illustrations 
336 |a text  |b txt  |2 rdacontent 
337 |a unmediated  |b n  |2 rdamedia 
338 |a volume  |b nc  |2 rdacarrier 
490 1 |a Die Erdol-Bucherei,  |v Bd. 8 
650 0 |a Petroleum  |x History. 
830 0 |a Erdol-Bucherei ;  |v Bd. 8. 
999 |a MARS 
999 f f |s 463b7da5-983a-3e6d-9a90-18b474d617f3  |i 8383fc78-86d2-3b22-8613-56b8eaa66458  |t 0 
952 f f |p ric  |a Texas A&M University  |b Rellis Campus  |c Joint Library Facility  |d Remote Storage  |t 0  |e TN870 .A22 Bd. 8  |h Library of Congress classification  |i unmediated -- volume  |m A14805585769 
998 f f |a TN870 .A22 Bd. 8  |t 0  |l Remote Storage